000 00667nam a2200181Ia 4500
005 20251020182613.0
008 200515s9999 xx 000 0 und d
082 _aSC/69.21.693.1/P45/2e
110 _aIninvi
245 0 _aUso del sillar en la construcción (Segunda Etapa)
260 _aLima
260 _c1984
520 _aInforme que corresponde a las actividades realizadas en el Proyecto "Uso del Sillar en la Construcción" que ejecuta el ININVI de acuerdo al Convenio Específico ININVI - ITINTEC Nº3171 y a las Claúsulas adicionales del mismo, de fecha 10.12.84
650 _aCONSTRUCCION
650 _aPUB ININVI
650 _aSILLAR
942 _cLIB
999 _c3421
_d3421